[Event "Wroclaw"]
[Site "?"]
[Date "2020.08.27"]
[Round "2.2"]
[White "Mis, Mieszko"]
[Black "Nowak, Mikolaj"]
[Result "1-0"]
[BlackElo "1875"]
[WhiteElo "2370"]
[LiveChessVersion "1.4.8"]

1. d4 {[%clk 0:03:03]} d6 {[%clk 0:03:03]} 2. Nf3 {[%clk 0:03:02]} f5
{[%clk 0:03:04]} 3. g3 {[%clk 0:02:58]} Nf6 {[%clk 0:03:05]} 4. Bg2
{[%clk 0:03:00]} g6 {[%clk 0:03:06]} 5. O-O {[%clk 0:03:00]} Bg7 {[%clk 0:03:07]}
6. Nbd2 {[%clk 0:03:02]} O-O {[%clk 0:03:06]} 7. Re1 {[%clk 0:03:03]} e6
{[%clk 0:02:50]} 8. e4 {[%clk 0:03:03]} Nc6 {[%clk 0:02:44]} 9. c3
{[%clk 0:02:59]} Kh8 {[%clk 0:02:37]} 10. Qb3 {[%clk 0:02:49]} a5
{[%clk 0:02:19]} 11. exf5 {[%clk 0:02:42]} a4 {[%clk 0:02:13]} 12. Qc4
{[%clk 0:02:34]} exf5 {[%clk 0:01:59]} 13. Ng5 {[%clk 0:02:31]} d5
{[%clk 0:01:52]} 14. Qd3 {[%clk 0:02:14]} h6 {[%clk 0:01:44]} 15. Nh3
{[%clk 0:02:10]} g5 {[%clk 0:01:35]} 16. f3 {[%clk 0:01:46]} b6 {[%clk 0:01:31]}
17. Nf1 {[%clk 0:01:45]} Ne7 {[%clk 0:01:24]} 18. Bd2 {[%clk 0:01:38]} Ba6
{[%clk 0:01:12]} 19. Qc2 {[%clk 0:01:39]} Qd7 {[%clk 0:00:53]} 20. Re3
{[%clk 0:01:22]} Ng6 {[%clk 0:00:39]} 21. Rae1 {[%clk 0:01:21]} Rae8
{[%clk 0:00:37]} 22. Rxe8 {[%clk 0:01:16]} Rxe8 {[%clk 0:00:38]} 23. Ne3
{[%clk 0:01:07]} Bc8 {[%clk 0:00:35]} 24. Bf1 {[%clk 0:01:03]} Ne7
{[%clk 0:00:29]} 25. Bd3 {[%clk 0:01:02]} f4 {[%clk 0:00:25]} 26. gxf4
{[%clk 0:00:07]} Qxh3 {[%clk 0:00:25]} 27. Bf1 {[%clk 0:00:06]} Qh5
{[%clk 0:00:22]} 28. fxg5 {[%clk 0:00:05]} hxg5 {[%clk 0:00:21]} 29. Bg2
{[%clk 0:00:06]} Qg6 {[%clk 0:00:21]} 30. Qxa4 {[%clk 0:00:07]} Bd7
{[%clk 0:00:22]} 31. Qa7 {[%clk 0:00:08]} Rc8 {[%clk 0:00:19]} 32. Qb7
{[%clk 0:00:07]} Qf7 {[%clk 0:00:16]} 33. Rf1 {[%clk 0:00:06]} Nf5
{[%clk 0:00:15]} 34. Ng4 {[%clk 0:00:08]} Nh7 {[%clk 0:00:13]} 35. Qa6
{[%clk 0:00:07]} Nh4 {[%clk 0:00:12]} 36. Qd3 {[%clk 0:00:07]} Nxg2
{[%clk 0:00:12]} 37. Kxg2 {[%clk 0:00:07]} Bxg4 {[%clk 0:00:11]} 38. fxg4
{[%clk 0:00:09]} Qd7 {[%clk 0:00:11]} 39. Rf5 {[%clk 0:00:08]} Rf8
{[%clk 0:00:12]} 40. Qf3 {[%clk 0:00:07]} Rxf5 {[%clk 0:00:12]} 41. gxf5
{[%clk 0:00:08]} Bf6 {[%clk 0:00:11]} 42. Be1 {[%clk 0:00:10]} Kg7
{[%clk 0:00:12]} 43. Bg3 {[%clk 0:00:12]} c6 {[%clk 0:00:11]} 44. a4
{[%clk 0:00:11]} Qe7 {[%clk 0:00:11]} 45. Qh5 {[%clk 0:00:10]} Qe4+
{[%clk 0:00:11]} 46. Kg1 {[%clk 0:00:09]} Qxf5 {[%clk 0:00:11]} 47. Qe8
{[%clk 0:00:10]} Qb1+ {[%clk 0:00:10]} 48. Kg2 {[%clk 0:00:12]} Qe4+
{[%clk 0:00:10]} 49. Qxe4 {[%clk 0:00:13]} dxe4 {[%clk 0:00:11]} 50. Bc7
{[%clk 0:00:14]} Kf7 {[%clk 0:00:08]} 51. Bxb6 Nf8 52. a5 Nd7 {[%clk 0:00:07]}
53. Bc7 {[%clk 0:00:17]} c5 {[%clk 0:00:05]} 54. a6 {[%clk 0:00:19]} cxd4
{[%clk 0:00:06]} 55. a7 {[%clk 0:00:18]} 1-0

[Event "Wroclaw"]
[Site "?"]
[Date "2020.08.27"]
[Round "2.3"]
[White "Pytel, Maciej"]
[Black "Kozak, Antoni"]
[Result "0-1"]
[BlackElo "2320"]
[WhiteElo "1867"]
[LiveChessVersion "1.4.8"]

1. e4 {[%clk 0:03:03]} c6 {[%clk 0:02:56]} 2. d4 {[%clk 0:03:01]} d5
{[%clk 0:02:57]} 3. Nc3 {[%clk 0:03:02]} a6 {[%clk 0:02:58]} 4. h3
{[%clk 0:02:55]} dxe4 {[%clk 0:02:56]} 5. Nxe4 {[%clk 0:02:56]} Bf5
{[%clk 0:02:56]} 6. Ng3 {[%clk 0:02:56]} Bg6 {[%clk 0:02:57]} 7. Bc4
{[%clk 0:02:47]} e6 {[%clk 0:02:54]} 8. N1e2 {[%clk 0:02:45]} Bd6
{[%clk 0:02:47]} 9. Nf4 {[%clk 0:02:33]} Qh4 {[%clk 0:02:47]} 10. Qg4
{[%clk 0:02:15]} Qxg4 {[%clk 0:02:35]} 11. hxg4 {[%clk 0:02:15]} Bxc2
{[%clk 0:02:25]} 12. Be3 {[%clk 0:02:03]} Nf6 {[%clk 0:02:10]} 13. Kd2
{[%clk 0:01:54]} Bxf4 {[%clk 0:02:05]} 14. Bxf4 {[%clk 0:01:44]} Bg6
{[%clk 0:02:05]} 15. f3 {[%clk 0:01:38]} Nbd7 {[%clk 0:02:03]} 16. Bd3
{[%clk 0:01:23]} Bxd3 {[%clk 0:02:02]} 17. Kxd3 {[%clk 0:01:24]} Nd5
{[%clk 0:02:02]} 18. Bd6 {[%clk 0:01:23]} O-O-O {[%clk 0:01:56]} 19. Ne4
{[%clk 0:01:06]} N7f6 {[%clk 0:01:51]} 20. Bg3 {[%clk 0:00:59]} Nxe4
{[%clk 0:01:13]} 21. fxe4 {[%clk 0:00:59]} Ne7 {[%clk 0:01:14]} 22. Raf1
{[%clk 0:00:52]} f6 {[%clk 0:01:09]} 23. Kc3 {[%clk 0:00:51]} h6 {[%clk 0:01:06]}
24. e5 {[%clk 0:00:30]} f5 {[%clk 0:00:57]} 25. gxf5 {[%clk 0:00:24]} Nxf5
{[%clk 0:00:57]} 26. Bf2 {[%clk 0:00:25]} h5 {[%clk 0:00:58]} 27. Rh3
{[%clk 0:00:22]} g6 {[%clk 0:00:59]} 28. Rfh1 {[%clk 0:00:21]} Rhf8
{[%clk 0:01:00]} 29. Rf3 {[%clk 0:00:17]} Rd7 {[%clk 0:00:49]} 30. Rd1
{[%clk 0:00:07]} Rdf7 {[%clk 0:00:50]} 31. Rdd3 {[%clk 0:00:05]} Ne7
{[%clk 0:00:51]} 32. Rxf7 {[%clk 0:00:03]} Rxf7 {[%clk 0:00:52]} 33. Rf3
{[%clk 0:00:04]} Nd5+ {[%clk 0:00:52]} 34. Kc4 {[%clk 0:00:03]} Rxf3
{[%clk 0:00:52]} 35. gxf3 {[%clk 0:00:04]} Kd7 36. a3 {[%clk 0:00:05]} b6
{[%clk 0:00:48]} 37. Kd3 {[%clk 0:00:06]} a5 {[%clk 0:00:49]} 38. Ke4
{[%clk 0:00:05]} a4 {[%clk 0:00:49]} 39. Be1 {[%clk 0:00:03]} c5 {[%clk 0:00:48]}
40. dxc5 {[%clk 0:00:03]} bxc5 {[%clk 0:00:49]} 41. Bd2 {[%clk 0:00:03]} Kc6
{[%clk 0:00:50]} 0-1

[Event "Wroclaw"]
[Site "?"]
[Date "2020.08.27"]
[Round "2.4"]
[White "Iwanczuk, Krzysztof"]
[Black "Szpar, Milosz"]
[Result "0-1"]
[BlackElo "2275"]
[WhiteElo "1799"]
[LiveChessVersion "1.4.8"]

1. d4 Nf6 2. Bf4 b6 3. e3 Bb7 4. Nf3 g6 5. Be2 Bg7 6. h3 O-O 7. O-O d6 8. c4 Nbd7
9. Nc3 Re8 10. Bh2 e5 11. Rc1 e4 12. Nd2 h5 13. b4 Qe7 14. c5 bxc5 15. bxc5 dxc5
16. Nb5 cxd4 17. Rxc7 dxe3 18. Rxb7 exd2 19. Nc7 Reb8 20. Qb3 Rxb7 21. Qxb7 Rd8
22. Nb5 e3 23. f3 Qc5 24. Bd6 Qb6 25. Qxa7 Qxa7 26. Nxa7 Ra8 27. Nb5 Rxa2 28. Bf4
Nd5 29. Bc4 Nxf4 30. Bxa2 e2 0-1

[Event "Wroclaw"]
[Site "?"]
[Date "2020.08.27"]
[Round "2.5"]
[White "Godzwon, Iwo"]
[Black "Grochol, Kamil"]
[Result "1-0"]
[BlackElo "1802"]
[WhiteElo "2193"]
[LiveChessVersion "1.4.8"]

1. e4 {[%clk 0:03:03]} c5 {[%clk 0:03:03]} 2. Nf3 {[%clk 0:03:04]} Nc6
{[%clk 0:03:05]} 3. d4 {[%clk 0:03:05]} cxd4 {[%clk 0:03:06]} 4. Nxd4
{[%clk 0:03:07]} Nf6 {[%clk 0:03:07]} 5. Nc3 {[%clk 0:03:08]} d6 {[%clk 0:03:08]}
6. Bc4 {[%clk 0:03:06]} Qb6 {[%clk 0:03:09]} 7. Nxc6 {[%clk 0:03:05]} bxc6
{[%clk 0:03:10]} 8. O-O {[%clk 0:03:05]} g6 {[%clk 0:03:11]} 9. Bb3
{[%clk 0:02:47]} Bg7 {[%clk 0:03:09]} 10. Be3 {[%clk 0:02:48]} Qc7
{[%clk 0:03:08]} 11. h3 {[%clk 0:02:48]} O-O {[%clk 0:03:04]} 12. Qd2
{[%clk 0:02:50]} a5 {[%clk 0:02:58]} 13. a4 {[%clk 0:02:24]} Ba6 {[%clk 0:02:50]}
14. Rfe1 {[%clk 0:02:25]} Nd7 15. Bh6 {[%clk 0:02:15]} Nc5 {[%clk 0:02:32]} 16.
Bxg7 {[%clk 0:02:15]} Kxg7 {[%clk 0:02:32]} 17. Ba2 {[%clk 0:02:11]} Rab8
{[%clk 0:02:28]} 18. Rab1 {[%clk 0:02:05]} Rb4 {[%clk 0:02:19]} 19. b3
{[%clk 0:01:58]} f5 {[%clk 0:01:53]} 20. exf5 {[%clk 0:01:54]} Rxf5
{[%clk 0:01:54]} 21. Rbd1 {[%clk 0:01:50]} Rbf4 {[%clk 0:01:21]} 22. f3
{[%clk 0:01:51]} Qa7 {[%clk 0:01:16]} 23. Kh2 {[%clk 0:01:49]} Rb4
{[%clk 0:00:56]} 24. Bb1 {[%clk 0:01:46]} Qc7 {[%clk 0:00:47]} 25. Kh1
{[%clk 0:01:29]} Rh4 {[%clk 0:00:22]} 26. Ne2 {[%clk 0:01:19]} d5
{[%clk 0:00:13]} 27. Nd4 {[%clk 0:01:14]} Rfh5 {[%clk 0:00:09]} 28. Qc3
{[%clk 0:00:27]} Rxh3+ {[%clk 0:00:05]} 29. Kg1 {[%clk 0:00:29]} Qg3
{[%clk 0:00:03]} 30. Nf5+ d4 {[%clk 0:00:03]} 31. Nxg3 {[%clk 0:00:30]} Rh1+
{[%clk 0:00:03]} 32. Nxh1 {[%clk 0:00:31]} 1-0

[Event "Wroclaw"]
[Site "?"]
[Date "2020.08.27"]
[Round "2.6"]
[White "Derylo, Kamil"]
[Black "Kokoszczynski, Jan"]
[Result "0-1"]
[BlackElo "2163"]
[WhiteElo "1744"]
[LiveChessVersion "1.4.8"]

1. d4 {[%clk 0:03:03]} Nf6 {[%clk 0:03:04]} 2. c4 {[%clk 0:03:04]} e6
{[%clk 0:03:05]} 3. Nf3 {[%clk 0:03:05]} c5 {[%clk 0:03:06]} 4. d5
{[%clk 0:03:05]} b5 {[%clk 0:03:08]} 5. dxe6 {[%clk 0:03:03]} fxe6
{[%clk 0:03:08]} 6. cxb5 {[%clk 0:03:04]} d5 {[%clk 0:03:09]} 7. e3
{[%clk 0:03:05]} Bd6 {[%clk 0:03:09]} 8. b3 {[%clk 0:03:03]} O-O {[%clk 0:03:09]}
9. Bb2 {[%clk 0:02:52]} Nbd7 {[%clk 0:03:10]} 10. Nbd2 {[%clk 0:02:51]} Bb7
{[%clk 0:03:10]} 11. Be2 {[%clk 0:02:28]} Qe7 {[%clk 0:03:03]} 12. Qc2
{[%clk 0:02:09]} Kh8 {[%clk 0:02:55]} 13. O-O {[%clk 0:02:07]} Rad8
{[%clk 0:02:16]} 14. a4 {[%clk 0:01:55]} Bb8 {[%clk 0:02:16]} 15. Rac1
{[%clk 0:01:26]} Rc8 {[%clk 0:02:17]} 16. Ba3 {[%clk 0:01:22]} e5
{[%clk 0:01:30]} 17. e4 {[%clk 0:01:20]} d4 {[%clk 0:01:20]} 18. Bd3
{[%clk 0:01:04]} Nh5 {[%clk 0:01:19]} 19. g3 {[%clk 0:01:00]} Rf6
{[%clk 0:01:09]} 20. Qc4 {[%clk 0:00:37]} Bd6 {[%clk 0:00:56]} 21. Rc2
{[%clk 0:00:31]} Nb6 {[%clk 0:00:54]} 22. a5 {[%clk 0:00:17]} Nxc4
{[%clk 0:00:54]} 23. Nxc4 {[%clk 0:00:18]} Rxf3 {[%clk 0:00:54]} 24. a6
{[%clk 0:00:17]} Ba8 {[%clk 0:00:45]} 25. Be2 {[%clk 0:00:18]} Bxe4
{[%clk 0:00:37]} 26. Rcc1 {[%clk 0:00:16]} h6 {[%clk 0:00:32]} 27. Nd2
{[%clk 0:00:16]} d3 {[%clk 0:00:20]} 28. Bxf3 {[%clk 0:00:05]} Bxf3
{[%clk 0:00:21]} 29. Nxf3 {[%clk 0:00:06]} e4 {[%clk 0:00:23]} 30. Nd2
{[%clk 0:00:07]} e3 {[%clk 0:00:16]} 31. Nc4 {[%clk 0:00:06]} e2 {[%clk 0:00:16]}
32. Rfe1 {[%clk 0:00:07]} Nf6 {[%clk 0:00:13]} 33. Bb2 {[%clk 0:00:08]} Ne4
{[%clk 0:00:12]} 34. Bc3 {[%clk 0:00:10]} Ng5 {[%clk 0:00:12]} 35. Nd2
{[%clk 0:00:07]} Qe6 {[%clk 0:00:11]} 36. h4 {[%clk 0:00:07]} Ne4
{[%clk 0:00:10]} 37. Kg2 Nxd2 38. Bxd2 {[%clk 0:00:03]} Qxb3 {[%clk 0:00:11]} 39.
Be3 {[%clk 0:00:04]} Qxb5 {[%clk 0:00:11]} 40. Rc3 {[%clk 0:00:05]} Qxa6
{[%clk 0:00:11]} 0-1

[Event "Wroclaw"]
[Site "?"]
[Date "2020.08.27"]
[Round "2.7"]
[White "Fus, Jakub"]
[Black "Kulesza, Andrzej"]
[Result "1/2-1/2"]
[BlackElo "1749"]
[WhiteElo "2113"]
[LiveChessVersion "1.4.8"]

1. Nf3 {[%clk 0:03:03]} Nf6 {[%clk 0:03:03]} 2. c4 {[%clk 0:03:04]} e6
{[%clk 0:03:04]} 3. g3 {[%clk 0:03:02]} b6 {[%clk 0:03:03]} 4. Bg2
{[%clk 0:03:03]} Bb7 {[%clk 0:03:03]} 5. O-O {[%clk 0:03:03]} Be7
{[%clk 0:03:04]} 6. Nc3 {[%clk 0:03:01]} O-O {[%clk 0:03:03]} 7. Re1
{[%clk 0:03:01]} d5 {[%clk 0:02:59]} 8. cxd5 {[%clk 0:03:02]} exd5
{[%clk 0:02:55]} 9. d4 {[%clk 0:03:03]} Nbd7 {[%clk 0:02:54]} 10. Bf4
{[%clk 0:03:04]} c5 {[%clk 0:02:54]} 11. Ne5 {[%clk 0:03:05]} Rc8
{[%clk 0:02:44]} 12. Rc1 {[%clk 0:02:33]} c4 {[%clk 0:02:23]} 13. Bh3
{[%clk 0:02:19]} a6 {[%clk 0:02:06]} 14. Bg5 {[%clk 0:02:16]} Ra8
{[%clk 0:02:01]} 15. Bg2 {[%clk 0:01:41]} b5 {[%clk 0:01:55]} 16. Nxd7
{[%clk 0:01:38]} Qxd7 {[%clk 0:01:53]} 17. a3 {[%clk 0:01:33]} a5
{[%clk 0:01:51]} 18. a4 {[%clk 0:01:16]} b4 {[%clk 0:01:44]} 19. Nb5
{[%clk 0:01:17]} Bc6 {[%clk 0:01:43]} 20. Bxf6 {[%clk 0:01:09]} Bxf6
{[%clk 0:01:44]} 21. e4 {[%clk 0:01:10]} Bxb5 {[%clk 0:01:21]} 22. axb5
{[%clk 0:01:10]} Qxb5 {[%clk 0:01:21]} 23. exd5 {[%clk 0:01:05]} Rac8
{[%clk 0:01:17]} 24. Qd2 {[%clk 0:00:28]} Qb6 {[%clk 0:01:01]} 25. Bh3
{[%clk 0:00:22]} Rc7 {[%clk 0:00:59]} 26. Red1 {[%clk 0:00:16]} Rd8
{[%clk 0:00:55]} 27. Qe2 {[%clk 0:00:10]} c3 {[%clk 0:00:45]} 28. bxc3
{[%clk 0:00:09]} bxc3 {[%clk 0:00:37]} 29. Qd3 {[%clk 0:00:06]} Rxd5
{[%clk 0:00:29]} 30. Rxc3 {[%clk 0:00:05]} Rxc3 {[%clk 0:00:26]} 31. Qxc3 Rd8
{[%clk 0:00:27]} 32. Qc2 {[%clk 0:00:04]} Bxd4 {[%clk 0:00:24]} 33. Bg4
{[%clk 0:00:06]} Bf6 {[%clk 0:00:24]} 34. Rxd8+ {[%clk 0:00:07]} Qxd8
{[%clk 0:00:26]} 35. Bd1 {[%clk 0:00:07]} g6 {[%clk 0:00:25]} 1/2-1/2

[Event "Wroclaw"]
[Site "?"]
[Date "2020.08.27"]
[Round "2.8"]
[White "Dixa, Oskar"]
[Black "Pacan-Milej, Kosma"]
[Result "1-0"]
[BlackElo "2113"]
[WhiteElo "1706"]
[LiveChessVersion "1.4.8"]

1. e4 {[%clk 0:03:01]} c5 {[%clk 0:03:03]} 2. Nf3 {[%clk 0:03:02]} Nc6
{[%clk 0:03:04]} 3. d4 {[%clk 0:03:00]} cxd4 {[%clk 0:03:04]} 4. Nxd4
{[%clk 0:03:01]} Nf6 {[%clk 0:03:05]} 5. Nc3 {[%clk 0:03:01]} e5 {[%clk 0:03:06]}
6. Ndb5 {[%clk 0:03:02]} d6 {[%clk 0:03:06]} 7. Bg5 {[%clk 0:03:02]} a6
{[%clk 0:03:06]} 8. Na3 {[%clk 0:03:03]} b5 {[%clk 0:03:07]} 9. Nd5
{[%clk 0:03:04]} Be7 {[%clk 0:03:07]} 10. Bxf6 {[%clk 0:03:04]} Bxf6
{[%clk 0:03:08]} 11. c3 {[%clk 0:03:05]} Rb8 {[%clk 0:03:08]} 12. Nc2
{[%clk 0:02:58]} Bg5 {[%clk 0:03:09]} 13. Be2 {[%clk 0:02:42]} O-O
{[%clk 0:03:08]} 14. O-O {[%clk 0:02:42]} Be6 {[%clk 0:03:01]} 15. Nce3
{[%clk 0:02:37]} Bxe3 {[%clk 0:02:57]} 16. Nxe3 {[%clk 0:02:37]} Ne7
{[%clk 0:02:57]} 17. Qd2 {[%clk 0:02:23]} Qb6 {[%clk 0:02:44]} 18. c4
{[%clk 0:01:57]} Nc6 {[%clk 0:02:19]} 19. Nd5 {[%clk 0:01:27]} Bxd5
{[%clk 0:02:16]} 20. cxd5 {[%clk 0:01:24]} Nd4 {[%clk 0:02:17]} 21. Bd3
{[%clk 0:01:25]} Rbc8 {[%clk 0:02:07]} 22. Rac1 {[%clk 0:01:26]} g6
{[%clk 0:02:00]} 23. Rxc8 {[%clk 0:01:22]} Rxc8 {[%clk 0:02:01]} 24. Rc1
{[%clk 0:01:24]} Rc5 {[%clk 0:01:50]} 25. b4 {[%clk 0:01:11]} Rc7
{[%clk 0:01:40]} 26. Rc3 {[%clk 0:01:07]} Kg7 {[%clk 0:01:41]} 27. Qc1
{[%clk 0:01:08]} Rxc3 {[%clk 0:01:21]} 28. Qxc3 {[%clk 0:01:09]} Qb7
{[%clk 0:01:22]} 29. h3 {[%clk 0:01:06]} Qe7 {[%clk 0:01:10]} 30. f4
{[%clk 0:00:51]} Qf6 {[%clk 0:01:04]} 31. fxe5 {[%clk 0:00:42]} Qxe5
{[%clk 0:01:04]} 32. Kh1 {[%clk 0:00:38]} Nf3 {[%clk 0:00:44]} 33. Qxe5+
{[%clk 0:00:38]} Nxe5 34. Be2 Kf6 {[%clk 0:00:46]} 35. Kg1 {[%clk 0:00:41]} Kg5
{[%clk 0:00:35]} 36. g3 {[%clk 0:00:40]} f5 {[%clk 0:00:35]} 37. Kf2
{[%clk 0:00:36]} fxe4 {[%clk 0:00:30]} 38. Ke3 {[%clk 0:00:37]} Kf5
{[%clk 0:00:21]} 39. g4+ {[%clk 0:00:35]} Kg5 {[%clk 0:00:22]} 40. Kxe4
{[%clk 0:00:37]} Kh4 {[%clk 0:00:24]} 41. Bf1 {[%clk 0:00:38]} Kg3
{[%clk 0:00:16]} 42. Ke3 {[%clk 0:00:25]} h5 {[%clk 0:00:11]} 43. gxh5
{[%clk 0:00:21]} gxh5 44. Be2 {[%clk 0:00:13]} h4 {[%clk 0:00:13]} 45. Bf1
{[%clk 0:00:13]} Ng6 {[%clk 0:00:09]} 46. Ke4 {[%clk 0:00:10]} Nf4
{[%clk 0:00:09]} 47. Kf5 {[%clk 0:00:11]} Nxh3 {[%clk 0:00:07]} 48. Ke6
{[%clk 0:00:12]} Nf4+ {[%clk 0:00:07]} 49. Kxd6 {[%clk 0:00:13]} Kf2
{[%clk 0:00:08]} 50. Ke5 {[%clk 0:00:13]} Kxf1 {[%clk 0:00:06]} 51. Kxf4
{[%clk 0:00:14]} h3 {[%clk 0:00:07]} 52. Kg3 {[%clk 0:00:15]} 1-0

[Event "Wroclaw"]
[Site "?"]
[Date "2020.08.27"]
[Round "2.9"]
[White "Lis, Mateusz"]
[Black "Jagura Norbert"]
[Result "1/2-1/2"]
[BlackElo "1704"]
[WhiteElo "2113"]
[LiveChessVersion "1.4.8"]

1. e4 {[%clk 0:03:02]} e6 {[%clk 0:03:03]} 2. d4 {[%clk 0:03:03]} d5
{[%clk 0:03:04]} 3. Nd2 {[%clk 0:03:04]} Nf6 {[%clk 0:03:00]} 4. e5
{[%clk 0:03:05]} Nfd7 {[%clk 0:03:01]} 5. c3 {[%clk 0:03:06]} c5 {[%clk 0:03:02]}
6. f4 {[%clk 0:03:07]} Nc6 {[%clk 0:03:02]} 7. Ndf3 {[%clk 0:03:08]} Qb6
{[%clk 0:02:37]} 8. g3 {[%clk 0:02:58]} cxd4 {[%clk 0:02:19]} 9. cxd4
{[%clk 0:02:59]} Bb4+ {[%clk 0:01:55]} 10. Kf2 {[%clk 0:03:00]} f6
{[%clk 0:01:32]} 11. Kg2 {[%clk 0:02:56]} O-O {[%clk 0:01:25]} 12. Bd3
{[%clk 0:02:08]} f5 {[%clk 0:01:05]} 13. Ne2 {[%clk 0:02:01]} Be7
{[%clk 0:01:05]} 14. h3 {[%clk 0:01:54]} a5 {[%clk 0:00:40]} 15. g4
{[%clk 0:01:30]} g6 {[%clk 0:00:30]} 16. Rb1 {[%clk 0:01:22]} Nd8
{[%clk 0:00:31]} 17. Be3 {[%clk 0:01:04]} Rf7 {[%clk 0:00:18]} 18. Qd2
{[%clk 0:00:58]} Qb4 {[%clk 0:00:19]} 19. Qc2 {[%clk 0:00:54]} Qb6
{[%clk 0:00:09]} 20. Rhc1 {[%clk 0:00:44]} Nc6 {[%clk 0:00:11]} 21. a3
{[%clk 0:00:39]} Nf8 {[%clk 0:00:12]} 22. Qd2 {[%clk 0:00:37]} Bd7
{[%clk 0:00:12]} 23. b3 {[%clk 0:00:33]} Bxa3 {[%clk 0:00:11]} 24. Rg1
{[%clk 0:00:23]} Bb4 {[%clk 0:00:12]} 25. Qd1 {[%clk 0:00:22]} Na7
{[%clk 0:00:10]} 26. gxf5 {[%clk 0:00:22]} exf5 {[%clk 0:00:11]} 27. Ng5
{[%clk 0:00:21]} Ne6 {[%clk 0:00:08]} 28. Nxf7 {[%clk 0:00:20]} Kxf7
{[%clk 0:00:09]} 29. h4 {[%clk 0:00:18]} Bb5 {[%clk 0:00:08]} 30. Bxb5
{[%clk 0:00:16]} Qxb5 {[%clk 0:00:08]} 31. h5 {[%clk 0:00:16]} Rg8
{[%clk 0:00:08]} 32. hxg6+ {[%clk 0:00:15]} hxg6 {[%clk 0:00:09]} 33. Rh1
{[%clk 0:00:16]} Rg7 {[%clk 0:00:06]} 34. Rc1 {[%clk 0:00:13]} Nc6
{[%clk 0:00:07]} 35. Nc3 {[%clk 0:00:12]} Bxc3 {[%clk 0:00:08]} 36. Rxc3
{[%clk 0:00:13]} Qb4 {[%clk 0:00:09]} 37. Rd3 {[%clk 0:00:15]} Ke7
{[%clk 0:00:07]} 38. Bd2 {[%clk 0:00:13]} Qb5 {[%clk 0:00:07]} 39. Be3
{[%clk 0:00:09]} Nb4 {[%clk 0:00:09]} 40. Rc3 {[%clk 0:00:10]} Nc6
{[%clk 0:00:10]} 41. Qd2 {[%clk 0:00:11]} Qb4 {[%clk 0:00:11]} 42. Rh8
{[%clk 0:00:08]} g5 {[%clk 0:00:06]} 43. fxg5 {[%clk 0:00:09]} f4
{[%clk 0:00:06]} 44. Bf2 {[%clk 0:00:09]} Rxg5+ {[%clk 0:00:07]} 45. Kf1
{[%clk 0:00:10]} Qb5+ {[%clk 0:00:08]} 46. Ke1 {[%clk 0:00:11]} a4
{[%clk 0:00:05]} 47. Qc2 {[%clk 0:00:12]} axb3 {[%clk 0:00:06]} 48. Qh7+
{[%clk 0:00:13]} Rg7 {[%clk 0:00:07]} 49. Qh4+ {[%clk 0:00:13]} Kd7
{[%clk 0:00:05]} 50. Qh5 {[%clk 0:00:11]} Re7 {[%clk 0:00:03]} 51. Qd1
{[%clk 0:00:10]} Qb4 {[%clk 0:00:03]} 52. Qxb3 {[%clk 0:00:11]} Qxb3
{[%clk 0:00:03]} 53. Rxb3 {[%clk 0:00:12]} Nexd4 {[%clk 0:00:04]} 54. Rxb7+
{[%clk 0:00:12]} Ke6 {[%clk 0:00:05]} 55. Rh6+ {[%clk 0:00:10]} Kf7
{[%clk 0:00:04]} 56. Rxe7+ {[%clk 0:00:10]} Kxe7 {[%clk 0:00:05]} 57. Rd6
{[%clk 0:00:06]} Ke8 {[%clk 0:00:04]} 58. Rxd5 {[%clk 0:00:07]} Nf3+
{[%clk 0:00:04]} 59. Ke2 {[%clk 0:00:09]} Nfxe5 {[%clk 0:00:04]} 60. Bd4
{[%clk 0:00:10]} Nxd4+ {[%clk 0:00:05]} 61. Rxe5+ {[%clk 0:00:11]} Kf7+
{[%clk 0:00:06]} 62. Kd3 {[%clk 0:00:12]} Nc6 {[%clk 0:00:06]} 63. Rf5+
{[%clk 0:00:13]} Ke6 {[%clk 0:00:07]} 64. Rxf4 Ne5+ 65. Ke4 {[%clk 0:00:15]} Nd7
{[%clk 0:00:09]} 66. Rh4 {[%clk 0:00:16]} Nf6+ {[%clk 0:00:11]} 67. Kf4
{[%clk 0:00:17]} Nd5+ {[%clk 0:00:11]} 68. Ke4 {[%clk 0:00:18]} Nf6+
{[%clk 0:00:12]} 69. Kd4 {[%clk 0:00:20]} Nd7 {[%clk 0:00:13]} 70. Rh6+
{[%clk 0:00:20]} Nf6 {[%clk 0:00:14]} 71. Rg6 {[%clk 0:00:19]} Kf5
{[%clk 0:00:16]} 72. Rg2 {[%clk 0:00:20]} Ke6 {[%clk 0:00:15]} 73. Rf2
{[%clk 0:00:20]} Nd7 {[%clk 0:00:16]} 74. Ke4 {[%clk 0:00:19]} Nc5+
{[%clk 0:00:17]} 75. Kd4 {[%clk 0:00:20]} Nd7 {[%clk 0:00:18]} 76. Re2+
{[%clk 0:00:21]} Kd6 {[%clk 0:00:20]} 77. Rh2 {[%clk 0:00:22]} Ke6
{[%clk 0:00:21]} 78. Rh6+ {[%clk 0:00:20]} Nf6 {[%clk 0:00:22]} 79. Ke3
{[%clk 0:00:21]} Ke5 {[%clk 0:00:22]} 80. Rh4 {[%clk 0:00:20]} Nd5+
{[%clk 0:00:24]} 81. Kd3 {[%clk 0:00:21]} Nf6 {[%clk 0:00:25]} 82. Ra4
{[%clk 0:00:21]} Nd5 {[%clk 0:00:15]} 83. Ra5 {[%clk 0:00:22]} Ke6
{[%clk 0:00:14]} 84. Kd4 {[%clk 0:00:23]} Nf6 {[%clk 0:00:14]} 85. Re5+
{[%clk 0:00:22]} Kd6 {[%clk 0:00:14]} 86. Rb5 {[%clk 0:00:15]} Ke6
{[%clk 0:00:15]} 87. Ra5 {[%clk 0:00:16]} Ng4 {[%clk 0:00:07]} 88. Ra6+
{[%clk 0:00:14]} Kf5 {[%clk 0:00:08]} 89. Kd5 {[%clk 0:00:15]} Nf6+
{[%clk 0:00:09]} 90. Kd4 {[%clk 0:00:15]} Ng4 {[%clk 0:00:09]} 91. Ra8
{[%clk 0:00:16]} Ke6 {[%clk 0:00:07]} 92. Rg8 {[%clk 0:00:15]} Nf6
{[%clk 0:00:08]} 93. Rg6 {[%clk 0:00:14]} Kf5 {[%clk 0:00:09]} 94. Rxf6+
{[%clk 0:00:15]} Kxf6 {[%clk 0:00:10]} 95. Ke4 1/2-1/2

[Event "Wroclaw"]
[Site "?"]
[Date "2020.08.27"]
[Round "2.10"]
[White "Warchol, Bartosz"]
[Black "Golenia, Wojciech"]
[Result "0-1"]
[BlackElo "1981"]
[WhiteElo "1697"]
[LiveChessVersion "1.4.8"]

1. d4 {[%clk 0:03:01]} Nf6 {[%clk 0:02:58]} 2. c4 {[%clk 0:03:01]} d6
{[%clk 0:02:59]} 3. Nf3 {[%clk 0:03:00]} Nbd7 {[%clk 0:03:00]} 4. Nc3
{[%clk 0:02:51]} e5 {[%clk 0:03:01]} 5. e4 {[%clk 0:02:52]} Be7 {[%clk 0:03:03]}
6. h3 {[%clk 0:02:48]} O-O {[%clk 0:02:54]} 7. Be3 {[%clk 0:02:49]} c6
{[%clk 0:02:49]} 8. Bd3 {[%clk 0:02:46]} Re8 {[%clk 0:02:38]} 9. O-O
{[%clk 0:02:43]} Bf8 {[%clk 0:02:34]} 10. Re1 {[%clk 0:02:42]} a6
{[%clk 0:02:24]} 11. a4 {[%clk 0:02:34]} a5 {[%clk 0:02:25]} 12. Qc2
{[%clk 0:02:35]} Nb8 {[%clk 0:02:22]} 13. dxe5 {[%clk 0:02:23]} dxe5
{[%clk 0:02:22]} 14. Rad1 {[%clk 0:02:24]} Na6 {[%clk 0:02:16]} 15. Qe2
{[%clk 0:02:06]} Nb4 {[%clk 0:02:09]} 16. Bb1 {[%clk 0:01:55]} Qc7
{[%clk 0:02:10]} 17. Bg5 {[%clk 0:01:24]} Be7 {[%clk 0:01:58]} 18. Rd2
{[%clk 0:01:20]} h6 {[%clk 0:01:57]} 19. Be3 {[%clk 0:01:19]} Be6
{[%clk 0:01:50]} 20. Red1 {[%clk 0:01:18]} Rad8 {[%clk 0:01:41]} 21. b3
{[%clk 0:01:18]} Na6 {[%clk 0:01:37]} 22. Rxd8 {[%clk 0:00:44]} Rxd8
{[%clk 0:01:39]} 23. Bc1 {[%clk 0:00:41]} Rxd1+ {[%clk 0:01:33]} 24. Qxd1
{[%clk 0:00:37]} Bb4 {[%clk 0:01:32]} 25. Bb2 {[%clk 0:00:38]} Nd7
{[%clk 0:01:22]} 26. Ne2 {[%clk 0:00:34]} f6 {[%clk 0:01:23]} 27. Ng3
{[%clk 0:00:34]} Nac5 {[%clk 0:01:20]} 28. Nh4 {[%clk 0:00:23]} b5
{[%clk 0:01:09]} 29. axb5 {[%clk 0:00:22]} cxb5 {[%clk 0:01:10]} 30. Nhf5
{[%clk 0:00:18]} bxc4 {[%clk 0:00:48]} 31. bxc4 {[%clk 0:00:17]} Nf8
{[%clk 0:00:25]} 32. Qg4 {[%clk 0:00:07]} Kh7 {[%clk 0:00:26]} 33. Nh5
{[%clk 0:00:06]} Ng6 {[%clk 0:00:17]} 34. Nhxg7 {[%clk 0:00:03]} Qxg7
{[%clk 0:00:17]} 35. Nxg7 {[%clk 0:00:03]} Bxg4 {[%clk 0:00:17]} 36. Ne8
{[%clk 0:00:04]} Be6 {[%clk 0:00:13]} 37. Nxf6+ {[%clk 0:00:05]} Kg7
{[%clk 0:00:14]} 38. Ng4 {[%clk 0:00:04]} Bxg4 {[%clk 0:00:10]} 39. hxg4
{[%clk 0:00:05]} a4 {[%clk 0:00:11]} 40. g3 {[%clk 0:00:03]} a3 {[%clk 0:00:13]}
41. Ba1 {[%clk 0:00:04]} Nb3 {[%clk 0:00:13]} 0-1